Stolice państw graniczących z Turcją - Statystyki

Ogólne statystyki
  • Ten quiz został rozwiązany 21 razy
  • Średni wynik to 6 z 8
Statystyki odpowiedzi
Stolica % Poprawnych
Ateny
95%
Sofia
90%
Teheran
85%
Baku
80%
Erywań
75%
Damaszek
70%
Tbilisi
50%
Bagdad
35%
Nie znaleziono quizów pasujących do podanych kryteriów
Rozkład punktacji
Procent ludzi z każdym wynikiem
Percentyl według liczby udzielonych odpowiedzi
Twoja historia wyników
Nie rozwiązałeś tego quizu